• 首页
  • 本馆介绍
  • 公告通知
  • 最新文献
  • 馆藏检索
  • 电子资源
  • 读者导购
  • 参考咨询
  • 我的图书馆
  • 登录
  • 详细信息显示
  • 放入我的书架
  • 预约/预借图书
  • 作者相关作品
  • 分类相关作品
  • 丛书相关作品
  • 出版社相关作品

书目信息

  • 表格格式
  • 工作单格式
  • 卡片格式
题名:
植物制片技术
    
 
作者: 李正理 编著
分册:  
出版信息: 北京   科学出版社  1978.04
页数: 140页
开本: 19cm
丛书名:
单 册:
中图分类: Q94-336
科图分类:
主题词: 植物学--研究 , 植物学--实验
电子资源:
ISBN: 7-03-002581-4
000 00596nam0 2200205 450
001 0853728554
005 20081007150753.29
010    @a7-03-002581-4@dCNY0.50
100    @a20081007d1978 km y0chiy0120 ea
101 0  @achi
102    @aCN@b110000
200 1  @a植物制片技术@Azhi wu zhi pian ji shu@f李正理编著@Fli zheng li bian zhu
210    @a北京@c科学出版社@d1978.04
215    @a140页@d19cm
606 0  @a植物学@x研究
606 0  @a植物学@x实验
690    @aQ94-336@v4
701  0 @a李正理@Ali zheng li@4编著
801  0 @aCN@b大连网信软件有限公司图书馆·11@c20081007
905    @aBZT@dQ94-336@e20
    
    植物制片技术/李正理编著.-北京:科学出版社,1978.04
    140页;19cm
    
    
    ISBN 7-03-002581-4:CNY0.50
    
●
相关链接 在五车中查询图书 在当当中查询图书 在豆瓣中查询图书


正题名:植物制片技术     索取号:Q94-336/20         预约/预借

序号 登录号 条形码 馆藏地/架位号 状态 备注
1 017318   201255122   中心书库中库/ 中库043架A面3列3层59/ [索取号:Q94-336/20] 在馆    
2 017319   201255140   中心书库中库/ 中库043架A面3列3层60/ [索取号:Q94-336/20] 在馆    
3 017320   201255113   中心书库中库/ 中库043架A面3列3层61/ [索取号:Q94-336/20] 在馆    
4 017321   201255131   中心书库中库/ 中库043架A面3列3层62/ [索取号:Q94-336/20] 在馆    
5 017322   201255177   中心书库中库/ 中库043架A面3列3层63/ [索取号:Q94-336/20] 在馆    
6 017323   201255220   中心书库中库/ 中库043架A面3列3层64/ [索取号:Q94-336/20] 在馆    
7 017324   201255211   中心书库中库/ 中库043架A面3列3层66/ [索取号:Q94-336/20] 在馆    
8 017325   201255159   中心书库中库/ 中库043架A面3列3层58/ [索取号:Q94-336/20] 在馆    
9 018704   201255168   中心书库中库/ 中库043架A面3列3层65/ [索取号:Q94-336/20] 在馆    
山东省滨州职业学院图书馆 欢迎您!
大连网信软件有限公司© 版权所有